Japan

保存先:
書誌詳細
フォーマット: 図書
言語:Undetermined
出版事項: Tucson, Arizona The University of Arizona Press 1972
主題:
タグ: タグ追加
タグなし, このレコードへの初めてのタグを付けませんか!
Thư viện lưu trữ: Trung tâm Học liệu Trường Đại học Cần Thơ
LEADER 00440nam a2200169Ia 4500
001 CTU_114959
008 210402s9999 xx 000 0 und d
082 |a 952 
082 |b J35/Vol.2 
245 0 |a Japan 
245 0 |c John A. Harrison editor 
260 |a Tucson, Arizona 
260 |b The University of Arizona Press 
260 |c 1972 
650 |a Japan 
650 |x History 
980 |a Trung tâm Học liệu Trường Đại học Cần Thơ